00227nam a2200085Ia 4500008004100000100001900041245003000060260004200090260000900132170620s9999 xx 000 0 und d aEdiger- Marlow 0aAdministration of Schools bNew Delhi- Discovery Publishing House c2006